Tous les personnages des Micro Crottoir - Statistiques

Statistiques générales
  • Ce quiz a été pris 14 fois
  • Le résultat moyen est 5 sur 44
Statistiques - réponses
Qualificatif Nom % Correct
? ?
100%
Dans le X Business Paco Lopez
62%
Français Thierry Pelouse
54%
King Alain De Bitssbailledrey
38%
Artiste 2 rue Gaetan Le singe
38%
Con Théo Porose
38%
Influenceur Adolf Mussolin
23%
Prophète 2 rue Zultor
23%
Père 2 Famille André Narine
15%
Breakeur Andy K-P
15%
Philantrope Ferdinand Vaselin
15%
Amateur de lait Guy O'Teen
15%
Posé Ibrahima Moquette
15%
Breton Loïc Bolée
15%
VIP Anatole Business
8%
Porc Brice Touchéfrère
8%
Muscle Fabrice Kiltar
8%
Ricky-Guy Cul
8%
Mâle Rufus Katégorik
8%
Épicurienne Annie Ennemi
0%
Voyant Aristide Puysségur
0%
DJ Armand Van Helden
0%
Conaisseur Arnaud Nimes
0%
Nougatier Baptistin Pascaline
0%
Poète 2 rue Barnabé Pierre
0%
Michtonneur Benoit France
0%
Chien 2 la casse Bilal Kaline
0%
Clubber Donatien Williamson
0%
Performeur Guy Tôt
0%
DarkGothik92 Herman Frodite
0%
Clasheur Jean Singe-Os
0%
Golden Boy Joachim Propreté
0%
Performeur Laurence Dar'n'b
0%
Fotograf Laurent Gonzalesse
0%
Disque Jockey Manu Propal
0%
Rageux Manu Pulation
0%
Enfant 2 la balle Massimo
0%
Performeur Massimo Gorgia
0%
Cracheur 2 feu Mathieu Fécale
0%
Grammairien Olivier Besace
0%
Tuyau Pascal Clarque
0%
Aristocrate Sonia Zidane
0%
Sosie Tommy Vasek
0%
X-Flex
0%
Aucun quiz correspondant
Distribution des résultats
% des personnes avec chaque résultat
Percentile par nombre de réponses
Votre historique - résultats
Vous n’avez pas pris ce quiz